CBI survey and manufacturing recovery (Record no. 70541)

MARC details
000 -LEADER
fixed length control field 01020cam a2200217 4500
001 - CONTROL NUMBER
control field WB3822-05
008 - FIXED-LENGTH DATA ELEMENTS--GENERAL INFORMATION
fixed length control field 020620n2002 000 0 eng u
035 ## - SYSTEM CONTROL NUMBER
System control number (Sirsi) u118489
245 ## - TITLE STATEMENT
Title CBI survey and manufacturing recovery
260 ## - PUBLICATION, DISTRIBUTION, ETC.
Date of publication, distribution, etc. 2002
490 ## - SERIES STATEMENT
Series statement CBI News Release
Volume/sequential designation 20 June 2002, (2)
520 ## - SUMMARY, ETC.
Summary, etc. CBI monthly trends survey on manufacturing shows a slight manufacuring recovery as orders improve but still remained below normal. 18% of firms orders were above normal while 35% were below. This balance of minus 17% was better than the minus 26% in May. Export orders were also up and firms expected output to edge slowly higher. For the CBI News Release: http://www.cbi.org.uk/ndbs/press.nsf/0363c1f07c6ca12a8025671c00381cc7/90cddeefc885aa1580256bd8002ca85b?OpenDocument
590 ## - LOCAL NOTE (RLIN)
Local note WB
650 ## - SUBJECT ADDED ENTRY--TOPICAL TERM
Topical term or geographic name entry element CONFEDERATION OF BRITISH INDUSTRY
650 ## - SUBJECT ADDED ENTRY--TOPICAL TERM
Topical term or geographic name entry element CBI SURVEY
650 ## - SUBJECT ADDED ENTRY--TOPICAL TERM
Topical term or geographic name entry element INDUSTRIAL TRENDS
650 ## - SUBJECT ADDED ENTRY--TOPICAL TERM
Topical term or geographic name entry element MANUFACTURING SECTOR
650 ## - SUBJECT ADDED ENTRY--TOPICAL TERM
Topical term or geographic name entry element EXPORTS
690 ## - LOCAL SUBJECT ADDED ENTRY--TOPICAL TERM (OCLC, RLIN)
Topical term or geographic name as entry element ECONOMIC ISSUES
942 ## - ADDED ENTRY ELEMENTS (KOHA)
Suppress in OPAC 0
Holdings
Withdrawn status Lost status Source of classification or shelving scheme Damaged status Not for loan Home library Current library Shelving location Date acquired Total Checkouts Full call number Barcode Date last seen Copy number Price effective from Koha item type
    Dewey Decimal Classification     London London News article 20/06/2002   WB3822-05 118489-1001 06/08/2019 1 06/08/2019 News article